00787nam a2200193 a 450000100100000000500170001000800410002704000250006808200210009310000340011424500620014825000160021026000780022630000200030404900090032495201190033395201240045299900170057600002897820200930055244.0110413s1980 dr 000 e spa d aDO-SdBNPbspacBNPHU axxxbS232a, 19801 aSantana, Julio César93608610aAmemos nuestra patria :bensayo /cJulio César Santana. a3a ed. rev. aSan Pedro de Macorís, República Dominicana :bImp. Altagracia,c1980. a24 p. ;c21 cm. aBNPD 0010718PDaPDbPDcCTd2011-04-13iLF1l0oxxx S232a, 1980p28978-10r2020-06-25w2020-06-25yLFPDZNo se presta 0010718PDaPDbPDcCTd2011-04-13iLF1l0oxxx S232a, 1980p28978-20r2020-06-25te.2w2020-06-25yLFPDZNo se presta c28470d28470